000 00698nam a2200289Ia 4500
005 20260324122630.0
008 008 260324s9999 xx 000 0 eng d
020 _a9780203384992
037 _aEBOOK
040 _aCRL
040 _beng
040 _cCRL
041 _2eng
041 _aeng
084 _qCRL
100 _aJill McCracken
_91076723
245 0 _aStreet Sex Workers' Discourse
245 0 _bRealizing Material Change Through Agential Choice
260 _bTaylor and Francis
260 _c2013
365 _a
365 _b255
856 _uhttp://www.taylorfrancis.com/books/9780203384992
942 _cEBOOK
999 _c1760093
_d1760093